logo

Bir Sreshtho Munshi Abdur Rouf Library
Jhenaidah Cadet College

মৌলিক ভৌত রসায়ন / (Record no. 8423)

MARC details
000 -LEADER
fixed length control field 00850nam a22002417a 4500
001 - CONTROL NUMBER
JCCL Control Number 8423
003 - CONTROL NUMBER IDENTIFIER
JCCL marc code BD-JhCC
005 - DATE AND TIME OF LATEST TRANSACTION
control field 20191115134008.0
008 - FIXED-LENGTH DATA ELEMENTS--GENERAL INFORMATION
fixed length control field 180220b2004 bg a|||| ||a| 000 0 ben d
035 ## - SYSTEM CONTROL NUMBER
system control number (BD-JhCC)8423
040 ## - CATALOGING SOURCE
Original cataloging agency BD-JhCC
Modifying agency BD-JhCC
041 ## - LANGUAGE CODE
Language code of Book ben
082 ## - DEWEY DECIMAL CLASSIFICATION NUMBER
Classification number 541.3
Author mark and Year SAL 2004
100 ## - MAIN ENTRY--PERSONAL NAME
Personal name সালাম, মুঃ আবদুস
245 ## - TITLE STATEMENT
Title মৌলিক ভৌত রসায়ন /
Statement of responsibility, etc মুঃ আবদুস সালাম; দিদারুল আলম চৌধুরী
246 ## - VARYING FORM OF TITLE
Title proper/short title Fundamental Physical Chemistry /
260 ## - PUBLICATION, DISTRIBUTION, ETC. (IMPRINT)
Place of publication, distribution, etc ঢাকা :
Name of publisher, distributor, etc কোয়ালিটি পাবলিকেশন,
Date of publication, distribution, etc 2004.
300 ## - PHYSICAL DESCRIPTION
Pagination 398 p. :
Dimensions 22 cm.
650 ## - SUBJECT ADDED ENTRY--TOPICAL TERM
Topical term or geographic name as entry element Physical Chemistry
700 ## - ADDED ENTRY--PERSONAL NAME
Personal name চৌধুরী, দিদারুল আলম
942 ## - ADDED ENTRY ELEMENTS (KOHA)
Source of classification or shelving scheme Dewey Decimal Classification
Koha item type Books
Koha issues (borrowed), all copies 3
Holdings
Source of classification or shelving scheme Damaged status Not for loan Home library Current library Shelving location Date of accession Cost, normal purchase price Total Checkouts Full call number Barcode Date last seen Date checked out Copy number Koha item type
Dewey Decimal Classification     JCC Rouf Library JCC Rouf Library General Stacks 02/22/2018 200.00 2 541.3 SAL 2004 10958 11/22/2019 11/14/2019 C-1 Books

JCC Library | Contacts | JCC Home

Last Update on 23 September 2017
Copyright @ 2017-2020 JCC Rouf Library
Rouf Library, Jhenidah Cadet College (JCC), Bangladesh